N'oubliez pas les paroles ! #3 - Statistiques

Statistiques générales
  • Ce quiz a été pris 165 fois
    148 depuis la dernière actualisation
  • Le résultat moyen est 4 sur 10
Statistiques - réponses
Chansons Chanteurs Paroles précédentes Paroles à trouver % Correct
La Kiffance Naps Faut qu'j'quitte la France, elle a fait la petite frange (ouh) C'est la kiffance, c'est la kiffance
Que je dépense, gros joint devant la défense
C'est... (6 mots)
La kiffance, c'est la kiffance
79%
La vie qu'on mène Ninho Bientôt, j'irai au ciel rejoindre Rimkus, le petit LamineRegarde la vie qu'on mène, on fait... (5 mots) Ca que pour la famille
78%
Tchikita Jul Elle a l'regard qui tue Tchikita Cheveux longs comme Nikita Si elle me quitte pas, j'... (5 mots) La quitte pas Tchikita, Tchikita
74%
Air Max Rim'K/Ninho J'ai passé la nuit menotté sur le banc Sur les lacets de mes Air Max il reste un peu de sang. Elle apparaît puis disparaît sous mon volant Il me reste encore un peu de... (6 mots) Rouge à lèvres sur le gland
42%
Caroline MC Solaar Je repense à elle, à nous, à nos cornets vanille. A sa boulimie de fraises, de framboises, de myrtilles A ses délires futiles, à son style pacotille
Je suis l'as de trèfle qui pique ton cœur
L'as de... (5 mots)
Trèfle qui pique ton cœur
40%
Désaccordé Vald Ah ouais, ouais, ouais, ah ouais, ouais, ouais Ah ouais, ouais, ouais, ouais, ouais, ouais, ouais. Je n'suis pas un écrivain, je... (6 mots) Suis plus qu'un esprit simple
40%
Zoo Kaaris Je n'ai aucune peine, j'te n**** ta r***Dans les veines je n'ai que de la glace J'veux savoir c'que ça fait... (4 mots) De prendre leur place
20%
Damdamdeo Lorenzo Au loin, j'ai vu cette fille-là, petit ensemble FILA T'inquiète, le 'sin, ça part en filature à base de Tequila Je traîne dans des... (6 mots) Villas plus grandes que ton village
12%
Fleurs Gazo/Tiakola Faut qu'on finisse sous tes draps. Trop défoncé, j'suis sous codéine, j'sens plus mon cœurJ'sens plus mon pouls. J'ai... (8 mots) Trop d'haine pour te faire l'amour
10%
Laboratoire Werenoi
Beaucoup d'papiers, pas de langue de bois (carré)
Le bracelet, ça coûte une jambe
Et le prix d'une montre peut coûter un bras Dans le laboratoire, on fait pas d'faute éliminatoire. Le... (5 mots)
Cœur en fer comme Terminator
9%
Aucun quiz correspondant
Distribution des résultats
% des personnes avec chaque résultat
Percentile par nombre de réponses
Votre historique - résultats
Vous n’avez pas pris ce quiz depuis la dernière actualisation